000 00913nam a2200229Ia 4500
003 Ost
005 20260507075122.0
008 260507s9999||||xx |||||||||||||| ||und||
040 _cfsecg
041 _aara
082 _a330
100 _aاللوزي، سليمان
_eمؤلف
245 0 _aدراسة الجدوى الإقتصادية وتقييم كفاءة أداء المنظمات /
_c سليمان اللوزي
250 _aطبعة 2
260 _aعمان:
_bدار المسيرة للنشر والتوزيع,
_c2005
300 _a334 صفحة؛
_bإيضاحات ؛
_c24 سم
520 _aمفهوم المشروع الإقتصادي-أساليب عملية اتخاذ القرارات الإستثمارية
653 _aالجدوى الإقتصادية
653 _aالمشروعات الإقتصادية
700 _aأل ادم، يوحنا
_eمؤلف ثانوي
942 _cكتاب
999 _c43097
_d43097